Musical Artist By Picture 1950s-70s - Statistics

General Stats
  • This quiz has been taken 334 times
  • The average score is 33 of 100
Answer Stats
Picture Answer % Correct
Elvis Presley
94%
John Lennon
94%
Paul McCartney
92%
Jimi Hendrix
86%
Frank Sinatra
82%
Mick Jagger
80%
Bob Dylan
76%
Chuck Berry
75%
Dolly Parton
75%
Louis Armstrong
75%
Stevie Wonder
74%
Ray Charles
73%
Jim Morrison
71%
John Denver
71%
Roy Orbison
69%
Elton John
63%
Glen Campbell
58%
Marvin Gaye
58%
Stevie Nicks
58%
Frank Zappa
56%
Willie Nelson
55%
Karen Carpenter
53%
Davy Jones
52%
Donna Summer
52%
Joni Mitchell
52%
David Cassidy
48%
Barry White
47%
Bette Midler
45%
Walter Liberace
45%
Bill Haley
44%
Eric Clapton
44%
Alice Cooper
43%
Dusty Springfield
43%
Mama Cass Elliot
42%
Paul Williams
42%
Ella Fitzgerald
40%
Sam Cooke
40%
Jim Croce
37%
Dionne Warwick
36%
Al Green
34%
Linda Ronstadt
34%
Neil Sedaka
34%
Miles Davis
33%
Petula Clark
33%
Gladys Knight
30%
Dion DiMucci
28%
Bobby Darin
27%
Bob Seger
27%
Tommy James
26%
Donovan Leitch
25%
Engelbert Humperdink
25%
Frankie Avalon
25%
Jackie Wilson
25%
Joe Cocker
25%
Johnny Winter
25%
Jeff Beck
24%
Burt Bacharach
23%
Johnny Mathis
22%
Conway Twitty
21%
Gilbert O'Sullivan
20%
Warren Zevon
20%
Wayne Newton
20%
Muddy Waters
19%
Big Joe Turner
18%
Curtis Mayfield
18%
Gary Lewis
18%
Randy Newman
17%
Duke Ellington
16%
Henry Mancini
16%
Tennessee Ernie Ford
16%
Mahalia Jackson
15%
Mel Torme
15%
Annette Funicello
14%
Gene Pitney
14%
Herb Alpert
14%
Fabian Forte
13%
Bobby Sherman
12%
Bobby Vinton
11%
John Coltrane
11%
Leslie Gore
10%
Porter Wagoner
10%
B.J. Thomas
9%
Bobby Vee
9%
Dave Brubeck
9%
Melanie Safka
9%
Jaques Brel
7%
Marilyn McCoo
5%
Ernest Tubb
4%
Mel Tillis
4%
Sarah Vaughan
4%
Stephen Bishop
4%
Trini Lopez
4%
Don McLean
3%
Aaron Copeland
2%
Antonio Carlos Jobim
2%
Rod McKuen
2%
Sergio Franchi
2%
Anna Maria Alberghetti
1%
Billy Eckstine
1%
Glenn Yarbrough
1%
No matching quizzes found
Score Distribution
Percent of People with Each Score
Percentile by Number Answered
Your Score History
You have not taken this quiz